00827 2200253 4500001002100000005001700021008004100038020001800079035002400097082000800121090002000129100002200149245011300171250001100284260003100295300001900326440002100345534004100366550008600407650001300493700002500506700002100531999002100552YOGYA-0411000000092720110411190529.0 ind  a979-672-639-4 0010-041100000000927 a107 a107bWoo BlDEP aWOODHOUSE, Mark B aBerfilsafatbsebuah langkah awalcMark B. Woodhousedditerjemahkan oleh Ahmad Norma Permata, P. Hardono Hadi aCet. 1 aYogyakartabKanisiusc2000 a240 hlmb21 cm aPustaka Filsafat ajudul asli : A Preface to Philosophy aditerbitkan atas kerjasama dengan Yayasan Adi Karya IKAPI dan THe FOrd FOundation aFilsafat aPermata, AHmad Norma aHadi, P. Hardono aCB-D.11 2000-225